Sudden Death - North America - Statistics

General Stats
  • This quiz has been taken 161 times
  • The average score is 18 of 23
Answers on the Grid
Answers color-coded by a green-red scale on the quiz's grid according to % correct below.
Myanmar
Cuba
Trinidad and Tobago
Oman
Nepal
Singapore
Mexico
Saint Lucia
Palau
Nauru
Grenada
United States
Togo
Dominican Republic
Malta
Guyana
Guatemala
Brazil
Haiti
Canada
Seychelles
New Zealand
Micronesia
Bahamas
Ghana
Brunei
Antigua and Barbuda
Barbados
Yemen
Qatar
Mongolia
Saint Kitts and Nevis
El Salvador
Eritrea
Taiwan
Saint Vincent and the Grenadines
Belize
Paraguay
Rwanda
Honduras
Andorra
Cape Verde
Madagascar
Costa Rica
Jamaica
Portugal
United Kingdom
Panama
Uzbekistan
Italy
San Marino
Nicaragua
Dominica
 
Answer Stats
Answer % Correct
Mexico
84%
United States
83%
Cuba
80%
Saint Vincent and the Grenadines
80%
Canada
79%
Costa Rica
79%
Jamaica
79%
Panama
79%
Bahamas
78%
Barbados
78%
Dominican Republic
78%
Saint Kitts and Nevis
78%
Antigua and Barbuda
77%
El Salvador
76%
Guatemala
76%
Haiti
75%
Honduras
75%
Nicaragua
75%
Trinidad and Tobago
75%
Grenada
72%
Saint Lucia
72%
Dominica
71%
Belize
70%
No matching quizzes found
Score Distribution
Percent of People with Each Score
Percentile by Number Answered
Your Score History
You have not taken this quiz